Statistiques concernant Noms de départements cachés dans une lettre

Cliquez ici pour prendre le quiz!

Statistiques générales

  • Ce quiz a été pris 2 678 fois
  • Le résultat moyen est 13 sur 24

Statistiques - réponses

Départements% Correct
Cher
84%
Orne
79%
Vienne
69%
Gironde
67%
Guyane
66%
Somme
64%
Allier
61%
Rhône
60%
Martinique
59%
Vosges
58%
Essonne
57%
Nord
57%
Tarn
55%
Yonne
54%
Creuse
52%
Aube
49%
Aisne
46%
Eure
45%
Var
45%
Aude
44%
Lot
43%
Ain
41%
Gers
41%
Isère
39%

Distribution des résultats

Percentile par nombre de réponses

% des personnes avec chaque résultat

Votre développement - résultats

Vous n’avez pas pris ce quiz